| 000 | 00529nam a22001937a 4500 | ||
|---|---|---|---|
| 999 |
_c7960 _d7960 |
||
| 003 | OSt | ||
| 005 | 20220809131335.0 | ||
| 008 | 220809b ||||| |||| 00| 0 eng d | ||
| 020 | _a9780024258816 | ||
| 040 | _cDDC | ||
| 082 | _a624.1 WES 2010 | ||
| 100 |
_aWest, Terry R _916168 |
||
| 245 | _aGeology applied to engineering. | ||
| 260 |
_aNew York : _bMacmillan College Pub. ; _c©2010 |
||
| 300 |
_axiii, 560 pages : _b ill; _c26 cm |
||
| 504 | _aIncludes index. | ||
| 650 |
_aEngineering geology. _94943 |
||
| 942 |
_2ddc _cBOOK |
||